WINNINGHAMS CRITICAL THINKING CASES IN NURSING (Record no. 16455)

MARC details
000 -LEADER
fixed length control field 00316nam a22001337a 4500
003 - CONTROL NUMBER IDENTIFIER
control field SGT
020 ## - INTERNATIONAL STANDARD BOOK NUMBER
International Standard Book Number 978-0-323-28961-0
082 ## - DEWEY DECIMAL CLASSIFICATION NUMBER
Classification number 610.73
Item number W16H
100 ## - MAIN ENTRY--PERSONAL NAME
Personal name HARDING, MARIANN
245 ## - TITLE STATEMENT
Title WINNINGHAMS CRITICAL THINKING CASES IN NURSING
260 ## - PUBLICATION, DISTRIBUTION, ETC. (IMPRINT)
Place of publication, distribution, etc LOUIS
Name of publisher, distributor, etc ELSEVIER
Year of Publication 2016
300 ## - PAGE DESCRIPTION
No. of Pages 722
942 ## - ADDED ENTRY ELEMENTS (KOHA)
Source of classification or shelving scheme Dewey Decimal Classification
Koha item type Books
Holdings
Withdrawn status Lost status Source of classification or shelving scheme Damaged status Not for loan Collection code Home library Current library Shelving location Date acquired Vendor Name Cost, normal purchase price SGTU Bill Number Total Checkouts Full call number Accession No. (Barcode) Date last seen Bill Date Koha item type
    Dewey Decimal Classification   Not For Loan NURSING SGT Medical Library SGT Medical Library Reference Book 08/01/2019 ABC 4130.00 SGTU 10166   610.73 W16H FN3771 08/01/2019 08/01/2019 Books